000 00315nam a2200121 i 4500
001 bg
245 0 _aMaterialy i gorjučee dlja vysokotemperaturnych jadernych energetičeskich ustanovok.
260 _aMoskva,
_c1966.
040 _cBPK
041 _apol
942 _cKS
008 s pl f |000 0 pol
999 _c12709
_d12709
856 _uhttp://koha.tu.koszalin.pl/cgi-bin/koha/opac-detail.pl?biblionumber=12709
_yKatalog online BPK